| 000 | 00487 a2200169 4500 | ||
|---|---|---|---|
| 003 | OSt | ||
| 005 | 20230915094252.0 | ||
| 008 | 230912b |||||||| |||| 00| 0 eng d | ||
| 040 | _coclc | ||
| 082 |
_a920 _bKOM/U |
||
| 100 | 1 |
_aKom, Mary, _d1982- _99466 |
|
| 245 | _aM C MARY KOM ENTE JEEVITHAKATHA / | ||
| 246 | _aUnbreakable : an autobiography | ||
| 260 |
_aKerala: _bRed rose publishing _c2016. |
||
| 300 | _a175 p | ||
| 942 |
_2ddc _cBK _h920 _iKOM/U _k920 _mKOM/U |
||
| 999 |
_c42503 _d42503 |
||